000 00807nam a2200253 a 4500
001 53812
003 BD-RjUL
005 20211209080026.0
008 161026b xxu||||| |||| 00| 0 eng d
020 _a8170352312
035 _a(BD-RjUL)53934
040 _aBD-RjUL
_beng
_cBD-RjUL
_dBD-RjUL
041 _aeng
082 _223
_a597.48
_bCHB 2001
100 _aChakraborty, Chiranjib
_9160727
245 1 0 _aBiology, hatchery and culture technology of tiger prawn and giant freshwater prawn /
_cChiranjib Chakraborty; Arup Kumar Sadhu
260 _aDelhi :
_bDaya Pub. House,
_c2001.
300 _ax, 161, p. :
_bill. ;
_c24 cm.
500 _aInclude index
650 _aShrimp culture.
_9158179
650 _aPenaeus esculentus.
_9160728
700 _aSadhu, Arup Kumar
_9160729
942 _2ddc
_cBK
999 _c53812
_d53812